| 000 | 00586nam a2200157Ia 4500 | ||
|---|---|---|---|
| 008 | 170221s9999 xx 000 0 und d | ||
| 100 | _aNor Jijidiana Azmi | ||
| 245 | _aMedia Portrayal on Global Climate Change: an Analysis of Malaysian Mainstream Newspapers | ||
| 245 | _cNor Jijidiana Azmi, Nor Azikin Mohd Omar, Safawati Basirah Mohd Zaid, Zanirah Wahab, Akmah Yusof | ||
| 260 | _bStudies in Media and Communication | ||
| 260 | _c2012 | ||
| 300 | _aX : 1 | ||
| 650 | _xCommunication | ||
| 650 | _xMedia Arts | ||
| 856 | _uhttp://redfame.com/journal/index.php/smc/issue/view/31 | ||
| 999 |
_c308957 _d308957 |
||